[Event "Heusenstamm Sparkassen op-A 3rd"]
[Site "Heusenstamm"]
[Date "2016.11.24"]
[Round "1"]
[White "Lukas, Hubertus"]
[Black "Chandler, Patrick"]
[Result "0-1"]
[WhiteElo "1816"]
[BlackElo "2107"]
[PlyCount "108"]
[EventDate "2016.11.24"]
[EventType "swiss"]
[EventRounds "7"]
[EventCountry "GER"]
[SourceTitle "EXT 2018"]
[Source "ChessBase"]
[SourceDate "2017.10.13"]
[SourceVersion "1"]
[SourceVersionDate "2017.10.13"]
[SourceQuality "1"]

1. e3 e5 2. Nc3 Nf6 3. g4 d5 4. g5 Ng8 5. Bg2 c6 6. h4 h6 7. d4 hxg5 8. dxe5 gxh4 9. f4 g5 10. e4 g4 11. exd5 h3 12. Be3 Nh6 13. Be4 Qh4+ 14. Kd2 Bf5 15. Qe1 Qxe1+ 16. Rxe1 Bb4 17. Bd4 Bxe4 18. Rxe4 cxd5 19. Re3 Nf5 20. Nge2 Nc6 21. Rd3 Ncxd4 22. Nxd4 Nxd4 23. Rxd4 g3 24. Rxb4 g2 25. Rg1 h2 26. Rxg2 h1Q 27. Re2 0-0-0 28. e6 fxe6 29. Rxe6 Rh2+ 30. Ne2 d4 31. b3 Qf3 32. Rc4+ Kb8 33. Kd1 d3 34. cxd3 Rxd3+ 35. Kc1 Qf1+ 36. Kb2 Qxe2+ 37. Rxe2 Rxe2+ 38. Ka3 b5 39. Rc5 a6 40. Rg5 Rd4 41. Rg8+ Kc7 42. Rg7+ Kd8 43. Rg8+ Ke7 44. Rb8 Rxf4 45. Rb7+ Kf6 46. Rb6+ Re6 47. Rb8 Rf5 48. Kb4 Rf4+ 49. Ka5 Ke5 50. b4 Rf3 51. a4 Ra3 52. Rxb5+ axb5 53. Kxb5 Kd5 54. a5 Re8 0-1

[Event "Saarland-ch MB 87th"]
[Site "Voelklingen"]
[Date "2012.04.01"]
[Round "3"]
[White "Hoefer, Ulrich"]
[Black "Lukas, Hubertus"]
[Result "1/2-1/2"]
[WhiteElo "2020"]
[BlackElo "1807"]
[PlyCount "104"]
[EventDate "2012.03.30"]
[EventType "swiss"]
[EventRounds "6"]
[EventCountry "GER"]
[SourceTitle "EXT 2013"]
[Source "ChessBase"]
[SourceDate "2012.11.22"]
[SourceVersion "1"]
[SourceVersionDate "2012.11.22"]
[SourceQuality "1"]

1. Nf3 Nh6 2. d4 g6 3. Bf4 f6 4. e3 Nf7 5. Nbd2 Bg7 6. Bd3 d6 7. c3 e5 8. Bg3 d5 9. dxe5 fxe5 10. e4 c6 11. Qb3 Nd7 12. exd5 Nc5 13. Qc2 0-0 14. 0-0 Nxd3 15. Qxd3 cxd5 16. Qb5 a6 17. Qb3 b5 18. Rfe1 e4 19. Nd4 Bxd4 20. cxd4 Bb7 21. Rac1 Rc8 22. Qe3 Qa5 23. a3 Rxc1 24. Rxc1 Rc8 25. Rxc8+ Bxc8 26. Qc3 Qxc3 27. bxc3 Nd8 28. Kf1 Nc6 29. Ke1 Kf7 30. Bd6 Ke6 31. Bc5 Na5 32. Bb4 Nc6 33. Nb3 h5 34. Kd2 g5 35. Ba5 Kf5 36. Bc7 g4 37. g3 Ke6 38. Ke3 Kf5 39. Bb6 Kg5 40. Bc7 Kf5 41. Nc1 Be6 42. Nb3 Bc8 43. Na5 Nxa5 44. Bxa5 Bd7 45. Bc7 Be8 46. Bb6 Ke6 47. Kd2 Bg6 48. Bc7 Kd7 49. Ba5 Bf5 50. Kc1 Kc6 51. Kb2 Bc8 52. Kc2 Bf5 1/2-1/2

[Event "Metz op-B 29th"]
[Site "Metz"]
[Date "2011.05.05"]
[Round "6"]
[White "Lukas, Hubertus"]
[Black "Stephanus, Joseph"]
[Result "1-0"]
[WhiteElo "1810"]
[BlackElo "1959"]
[PlyCount "109"]
[EventDate "2011.05.02"]
[EventType "swiss"]
[EventRounds "9"]
[EventCountry "FRA"]
[SourceTitle "EXT 2013"]
[Source "ChessBase"]
[SourceDate "2012.11.22"]
[SourceVersion "1"]
[SourceVersionDate "2012.11.22"]
[SourceQuality "1"]

1. Nc3 d5 2. e3 Nf6 3. d4 Nc6 4. Bb5 e6 5. Nce2 Bd6 6. c3 Bd7 7. Ng3 a6 8. Bxc6 Bxc6 9. f4 0-0 10. Nf3 b6 11. 0-0 Bb7 12. Ng5 h6 13. Nh3 c5 14. Nh5 Ne4 15. Qg4 g6 16. Nf2 Kh7 17. Ng3 f5 18. Qe2 Nxf2 19. Rxf2 b5 20. Nf1 Qe7 21. Rf3 b4 22. Bd2 a5 23. Rh3 Ba6 24. Qd1 Bb5 25. Be1 Kg7 26. Rc1 Rfc8 27. Bh4 g5 28. Rg3 Qf7 29. dxc5 Bc7 30. Qd4+ Kh7 31. Bxg5 hxg5 32. Rxg5 Bd8 33. Rg3 Bf6 34. Qd1 Rg8 35. Rh3+ Kg7 36. cxb4 axb4 37. Qb3 Bc4 38. Rg3+ Kf8 39. Rxg8+ Kxg8 40. Qxb4 Rxa2 41. b3 Rb2 42. Qb8+ Kg7 43. b4 Bd3 44. Ng3 Be7 45. Ra1 Bxc5 46. Qe5+ Kg6 47. bxc5 Qb7 48. Qxe6+ Kh7 49. h4 d4 50. c6 Qg7 51. Qd7 Qxd7 52. cxd7 Rb8 53. Rd1 Bb5 54. Rxd4 Rd8 55. Nxf5 1-0

[Event "Saarland-ch A 85th"]
[Site "Homburg"]
[Date "2010.04.01"]
[Round "7"]
[White "Steffen, Maximilian"]
[Black "Lukas, Hubertus"]
[Result "0-1"]
[WhiteElo "1610"]
[BlackElo "1791"]
[PlyCount "120"]
[EventDate "2010.03.28"]
[EventType "swiss"]
[EventRounds "9"]
[EventCountry "GER"]
[SourceTitle "EXT 2011"]
[Source "ChessBase"]
[SourceDate "2010.11.26"]
[SourceVersion "1"]
[SourceVersionDate "2010.11.26"]
[SourceQuality "1"]

1. e4 Nc6 2. d4 f5 3. exf5 Nf6 4. c3 d5 5. Bd3 Qd6 6. Ne2 e5 7. fxe6 Bxe6 8. Bf4 Qd7 9. Nd2 0-0-0 10. Qc2 Nh5 11. 0-0-0 g6 12. Bg5 Re8 13. f3 Be7 14. Bxe7 Rxe7 15. Nb3 b6 16. Ba6+ Kd8 17. g4 Ng7 18. Nf4 Rf8 19. Nxe6+ Qxe6 20. Rhe1 Qxe1 21. Rxe1 Rxe1+ 22. Kd2 Rh1 23. Ke3 Re8+ 24. Kf4 Ree1 25. Kg5 Ne6+ 26. Kh6 Ne7 27. Qf2 g5 28. Bd3 Nf4 29. Qc2 Re3 30. Nc1 Rxf3 31. Kxg5 Ne6+ 32. Kh4 Nf4 33. Kg5 h6+ 34. Kxh6 Rh3+ 35. Kg5 Ne6+ 36. Kf6 Rh6+ 37. Ke5 Re1+ 38. Ne2 Nf8 39. Qd2 Nd7+ 40. Kf4 Rh1 41. Qe3 R1xh2 42. b3 R2h3 43. Ng3 Rh8 44. Qd2 Nf8 45. Nh5 Nd7 46. Ng7 Rf8+ 47. Nf5 Rf6 48. c4 c6 49. a4 Nf8 50. g5 Rxd3 51. Qxd3 Rxf5+ 52. Kg4 Ne6 53. Qe3 Rxg5+ 54. Kh3 Kd7 55. Qd2 Ng6 56. a5 Ngf4+ 57. Kh4 dxc4 58. axb6 axb6 59. bxc4 Ng6+ 60. Kh3 Nef4+ 0-1

[Event "Saarland-ch MB"]
[Site "Schiffweiler"]
[Date "2009.04.05"]
[Round "3"]
[White "Lukas, Hubertus"]
[Black "Trumm, Achim"]
[Result "1-0"]
[WhiteElo "1733"]
[BlackElo "1823"]
[PlyCount "73"]
[EventDate "2009.04.03"]
[EventType "swiss"]
[EventRounds "9"]
[EventCountry "GER"]
[SourceTitle "EXT 2012"]
[Source "ChessBase"]
[SourceDate "2011.11.24"]
[SourceVersion "1"]
[SourceVersionDate "2011.11.24"]
[SourceQuality "1"]

1. Nc3 d5 2. e3 Nf6 3. d4 c6 4. a3 Bf5 5. Bd3 Bxd3 6. cxd3 e6 7. Bd2 Nbd7 8. Nce2 Be7 9. Rc1 0-0 10. f4 c5 11. Nf3 cxd4 12. Nexd4 Qb6 13. Qb3 Rac8 14. Ke2 Qxb3 15. Nxb3 Bd6 16. Na5 b6 17. Nc6 a5 18. Nfd4 Rfe8 19. Nb5 Bf8 20. b4 a4 21. Nca7 Rxc1 22. Rxc1 e5 23. g3 e4 24. d4 Rd8 25. Rc7 Ne8 26. Rc6 Ra8 27. g4 h6 28. Be1 Nd6 29. Rc7 Nxb5 30. Nxb5 Nf6 31. h3 Ne8 32. Rc6 Rb8 33. f5 Rb7 34. Bg3 Be7 35. Rc8 Kf8 36. Nc7 Rxc7 37. Bxc7 1-0

[Event "Saarland-ch A"]
[Site "Eppelborn"]
[Date "2008.03.22"]
[Round "9"]
[White "Braun, Erhard"]
[Black "Lukas, Hubertus"]
[Result "0-1"]
[WhiteElo "2045"]
[BlackElo "1573"]
[PlyCount "52"]
[EventDate "2008.03.14"]
[EventType "swiss"]
[EventRounds "9"]
[EventCountry "GER"]
[SourceTitle "EXT 2010"]
[Source "ChessBase"]
[SourceDate "2010.11.25"]
[SourceVersion "1"]
[SourceVersionDate "2010.11.25"]
[SourceQuality "1"]

1. e4 f6 2. d3 g6 3. Nd2 Nc6 4. g3 Ne5 5. Bg2 Nf7 6. Ngf3 Bg7 7. 0-0 e6 8. Re1 Ne7 9. Nf1 h5 10. c4 d6 11. Bd2 g5 12. Bc3 h4 13. Ne3 hxg3 14. hxg3 e5 15. Qb3 g4 16. Nh2 Ng5 17. Nhxg4 Bd7 18. f4 exf4 19. gxf4 Ne6 20. Nxf6+ Bxf6 21. Bxf6 Kf7 22. Nd5 Qg8 23. Nxe7 Qg3 24. Bxh8 Nxf4 25. Qc2 Kxe7 26. Qf2 Nh3+ 0-1

[Event "Saarland-ch A"]
[Site "Saarlouis Steinrausch"]
[Date "2005.03.25"]
[Round "8"]
[White "Dill, Karl"]
[Black "Lukas, Hubertus"]
[Result "1-0"]
[WhiteElo "1756"]
[BlackElo "1691"]
[PlyCount "141"]
[EventDate "2005.03.18"]
[EventType "swiss"]
[EventRounds "9"]
[EventCountry "GER"]
[SourceTitle "EXT 2012"]
[Source "ChessBase"]
[SourceDate "2011.11.24"]
[SourceVersion "1"]
[SourceVersionDate "2011.11.24"]
[SourceQuality "1"]

1. e4 d5 2. exd5 Qxd5 3. d4 e5 4. Be3 exd4 5. Bxd4 c5 6. Qe2+ Be6 7. Be3 Nc6 8. Qb5 0-0-0 9. Nc3 Qh5 10. Nge2 Nb4 11. Rc1 Bd6 12. Ne4 Qd5 13. Nxd6+ Qxd6 14. Qxc5+ Qxc5 15. Bxc5 Nxa2 16. Ra1 b6 17. Ba3 Bc4 18. b3 Bxe2 19. Bxe2 Nc3 20. Bb2 Nxe2 21. Kxe2 Nh6 22. Rxa7 Rhe8+ 23. Kf3 Kb8 24. Rha1 Nf5 25. Rxf7 Nd6 26. Rxg7 Rf8+ 27. Ke2 Rde8+ 28. Kf1 Nf5 29. Rga7 Ne3+ 30. Kg1 Nxc2 31. Ra8+ Kb7 32. R1a7+ Kc6 33. Rxe8 Rxe8 34. g4 Re1+ 35. Kg2 Rb1 36. Be5 Ne1+ 37. Kg3 Rxb3+ 38. Kf4 Rh3 39. Kf5 Rf3+ 40. Ke4 Rxf2 41. Rc7+ Kb5 42. Rxh7 Re2+ 43. Kf5 Kc4 44. Rc7+ Kd5 45. Rd7+ Kc4 46. Rd4+ Kc5 47. Re4 Rf2+ 48. Kg6 Nf3 49. Bg3 Ra2 50. h4 Rg2 51. Bc7 Nxh4+ 52. Kh5 Nf3 53. Rf4 Rh2+ 54. Kg6 Rh3 55. g5 b5 56. Bd8 Ne5+ 57. Kf5 Nc6 58. Bf6 Rh5 59. Ke6 b4 60. g6 Rh2 61. Rf5+ Kc4 62. g7 Rg2 63. Rg5 Nd4+ 64. Kd7 Rd2 65. g8Q+ Kc3 66. Rc5+ Kb2 67. Qc4 Kb1 68. Bxd4 Rb2 69. Bxb2 b3 70. Qc1+ Ka2 71. Qa1# 1-0

[Event "Saarlouis op 7th"]
[Site "Saarlouis"]
[Date "2004.05.20"]
[Round "2"]
[White "Thewes, Johannes"]
[Black "Lukas, Hubertus"]
[Result "0-1"]
[WhiteElo "1126"]
[BlackElo "1708"]
[PlyCount "152"]
[EventDate "2004.05.19"]
[EventType "swiss"]
[EventRounds "7"]
[EventCountry "GER"]
[SourceTitle "EXT 2006"]
[Source "ChessBase"]
[SourceDate "2005.11.24"]
[SourceVersion "1"]
[SourceVersionDate "2005.11.24"]
[SourceQuality "1"]

1. e4 Nh6 2. d3 g6 3. g3 c6 4. Bg2 f6 5. Nf3 Nf7 6. Nbd2 Na6 7. 0-0 Nc7 8. Re1 e5 9. c3 Bg7 10. Nf1 0-0 11. h4 d6 12. N1h2 Qe7 13. Be3 Be6 14. Qc2 h6 15. Rad1 f5 16. exf5 gxf5 17. Bc1 Nh8 18. a3 Rf7 19. Re2 Raf8 20. Rde1 Nd5 21. c4 Nf6 22. Bh3 Ng4 23. Bxg4 fxg4 24. Nd4 c5 25. Nxe6 Qxe6 26. Be3 Qf5 27. Qd2 h5 28. Bg5 a6 29. Nf1 Qg6 30. Ne3 Rf3 31. Nd5 Qxd3 32. Qxd3 Rxd3 33. Re3 Rd4 34. b3 Ng6 35. Kg2 b5 36. Nb6 Rb8 37. Nd7 Rb7 38. Nf6+ Bxf6 39. Bxf6 bxc4 40. bxc4 Rxc4 41. Rd3 Rd4 42. Rc3 a5 43. Bg5 e4 44. Bf6 Rd3 45. Rxe4 Rxc3 46. Bxc3 Rb3 47. Bxa5 Rxa3 48. Bb6 Kf7 49. Kf1 Ra6 50. Bc7 Rc6 51. Bb8 d5 52. Re3 c4 53. Ba7 c3 54. Re1 c2 55. Rc1 Ne5 56. Ke2 Ke6 57. Kd2 Nf3+ 58. Kd3 Rc4 59. Bb6 Kf5 60. Ba5 Ne5+ 61. Kd2 Ke4 62. Rxc2 Rxc2+ 63. Kxc2 Nc4 64. Bb4 d4 65. Kd1 Nb2+ 66. Ke2 d3+ 67. Kd2 Nc4+ 68. Kd1 Kf3 69. Bc5 Ke4 70. Bb4 Ne5 71. Bc3 Nf3 72. Bb4 Kd4 73. Ba5 Ke4 74. Bb4 Nd4 75. Ba5 Kf3 76. Bb6 Nb3 0-1

[Event "Saarlouis op 7th"]
[Site "Saarlouis"]
[Date "2004.05.19"]
[Round "1"]
[White "Lukas, Hubertus"]
[Black "Schweitzer, Viktoriya"]
[Result "0-1"]
[WhiteElo "1708"]
[BlackElo "2235"]
[PlyCount "70"]
[EventDate "2004.05.19"]
[EventType "swiss"]
[EventRounds "7"]
[EventCountry "GER"]
[SourceTitle "EXT 2006"]
[Source "ChessBase"]
[SourceDate "2005.11.24"]
[SourceVersion "1"]
[SourceVersionDate "2005.11.24"]
[SourceQuality "1"]

1. a3 e5 2. c4 Nf6 3. Nc3 d5 4. cxd5 Nxd5 5. e4 Nb6 6. d3 Be7 7. Be3 0-0 8. Rc1 Be6 9. Nge2 Nc6 10. Ng3 Bg5 11. Bxg5 Qxg5 12. Nb5 Rac8 13. Rxc6 bxc6 14. Nxa7 Rce8 15. h4 Qe7 16. Nxc6 Qc5 17. Nb4 f5 18. Qc2 Qxc2 19. Nxc2 f4 20. Ne2 Na4 21. b4 c5 22. f3 Rc8 23. Kd2 Rfd8 24. g3 Nb2 25. Nxf4 exf4 26. gxf4 cxb4 27. Nxb4 Nc4+ 28. Ke2 Nxa3 29. f5 Bb3 30. Ke3 Nc2+ 31. Kf4 Nxb4 32. f6 Nxd3+ 33. Ke3 gxf6 34. Rg1+ Kf8 35. Bh3 Rc1 0-1